[Event "ch-Siberia"]
[Site "Novokuznetsk RUS"]
[Date "2008.03.19"]
[Round "7"]
[White "Pavlov,O"]
[Black "Nigametzianov,M"]
[Result "1/2-1/2"]
[WhiteElo "2281"]
[BlackElo "2373"]

1.d4 d5 2.Nf3 Nf6 3.c4 c6 4.Nc3 a6 5.cxd5 cxd5 6.Bf4 Nc6 7.Rc1 e6 8.e3 Be7
9.Bd3 Nh5 10.Be5 Nxe5 11.dxe5 g6 12.O-O O-O 13.e4 dxe4 14.Bxe4 Rb8 15.Nd4 Qa5
16.Bf3 Rd8 17.Re1 Qb6 18.Re4 Ng7 19.Qb3 Qa7 20.Nce2 Bc5 21.g4 Bd7 22.Kg2 Bc6
23.Nxc6 bxc6 24.Qc3 Bxf2 25.Rc4 Bb6 26.a4 a5 27.Bxc6 h5 28.h3 Be3 29.Rc2 h4
30.Bf3 Bb6 31.Qe1 Bd4 32.Nxd4 Rxd4 33.Rc8+ Rd8 34.Rxd8+ Rxd8 35.Qxh4 Qd4
36.Qg5 Rb8 37.Qc1 Kh7 38.Re2 Qxa4 39.Qc7 Rf8 40.h4 Kg8 41.h5 gxh5 42.gxh5 Qf4
43.Re4 Qd2+ 44.Kh3 Nf5 45.Qc5 Rd8 46.Rg4+ Kh8 47.Be4 Qd1 48.Qc3 Qf1+ 49.Bg2 Qg1
50.Be4 Qd1 51.Qf3 Qxf3+ 52.Bxf3 Rd3 53.Rf4 Rb3 54.Kg4 Kg7 55.Ra4 Rxb2 56.Rxa5 Rh2
57.Be4 Rh4+ 58.Kf3 Rh3+ 59.Kf2 Rxh5 60.Bxf5 Rxf5+ 61.Ke3 Kg6 62.Ke4 Rh5 63.Ra7 Rh4+
64.Kf3 Rh1 65.Kf4 Rh4+ 66.Kf3 Rh7 67.Ra5 Kf5 68.Ke3 Rg7 69.Kf3 Rg5 70.Ke3  1/2-1/2

[Event "Victor Ciocaltea mem"]
[Site "Bucharest ROM"]
[Date "2008.03.22"]
[Round "8"]
[White "Shishkin,Va UKR"]
[Black "Sanduleac,V"]
[Result "1/2-1/2"]
[WhiteElo "2493"]
[BlackElo "2452"]

1.d4 d5 2.c4 c6 3.Nf3 Nf6 4.Nc3 a6 5.c5 Nbd7 6.Bf4 Nh5 7.Bd2 Nhf6 8.Qc2 g6
9.g3 Bg7 10.Bg2 O-O 11.O-O Re8 12.Rad1 Rf8 13.Rfe1 Ne8 14.e4 dxe4 15.Qxe4 e6
16.Bg5 Qc7 17.Qh4 Nef6 18.Bh6 Re8 19.Ng5 Qd8 20.b4 Nf8 21.a4 Nd5 22.Nce4 f6
23.Nf3 Nxb4 24.Nd6 Re7 25.Nd2 Nd5 26.N2c4 Rb8 27.a5 Bd7 28.f4 Be8 29.g4 Bxh6
30.Qxh6 Nc3 31.Rd3 Nb5 32.Bh3 Rg7 33.Kf2 Nxd6 34.cxd6 Rd7 35.g5 f5 36.Qh4 Rxd6  1/2-1/2

[Event "15th Belisce Metalis Open"]
[Site "Bizovac CRO"]
[Date "2008.03.23"]
[Round "6"]
[White "Martic,Z"]
[Black "Kovacevic,Bl"]
[Result "0-1"]
[WhiteElo "2290"]
[BlackElo "2482"]

1.d4 d5 2.c4 c6 3.Nf3 Nf6 4.Nc3 a6 5.Qc2 dxc4 6.e4 b5 7.Be2 e6 8.O-O Nbd7
9.Rd1 Bb7 10.Bg5 h6 11.Bh4 Be7 12.b3 cxb3 13.axb3 O-O 14.e5 Nd5 15.Bxe7 Qxe7
16.Ne4 Ra7 17.Nd6 Ba8 18.Rdc1 f6 19.Bxb5 fxe5 20.dxe5 Rxf3 21.Nc8 Qg5 22.Nxa7 cxb5
23.Qc8+ Rf8 24.h4 Qxh4  0-1

[Event "3rd Open"]
[Site "Kolkata IND"]
[Date "2008.03.26"]
[Round "3"]
[White "Thejkumar,M"]
[Black "Ashwin,J"]
[Result "1-0"]
[WhiteElo "2382"]
[BlackElo "2478"]

1.d4 d5 2.Nf3 Nf6 3.c4 c6 4.Nc3 a6 5.e3 b5 6.b3 Bf5 7.Bd3 e6 8.O-O Nbd7 9.Bb2 Bxd3
10.Qxd3 Bd6 11.Nd2 bxc4 12.bxc4 Qb8 13.Rab1 Bxh2+ 14.Kh1 Bc7 15.Ba3 Qd8 16.cxd5 Nxd5
17.Nf3 N7b6 18.Ne4 Ne7 19.Rxb6 Bxb6 20.Nd6+ Kf8 21.Ne5 Kg8 22.Nexf7 Qd7 23.Qb3 Nd5
24.e4 Bxd4 25.exd5 exd5 26.Re1 Bxf2 27.Rf1 Qe6 28.Qf3 Ba7 29.Nf5 c5 30.Qg4 Kxf7
31.Qxg7+ Ke8 32.Qxh8+ Kd7 33.Qxa8  1-0

[Event "ITT Cinco Soles"]
[Site "Pinamar ARG"]
[Date "2008.03.28"]
[Round "4"]
[White "Guerrero,Alv"]
[Black "Walsh,H"]
[Result "1-0"]
[WhiteElo "2228"]
[BlackElo "2135"]

1.d4 d5 2.c4 c6 3.Nf3 Nf6 4.Nc3 a6 5.Bg5 Ne4 6.Bf4 Qa5 7.Qc2 e6 8.c5 Nd7
9.Rb1 Nxc3 10.bxc3 Be7 11.e3 O-O 12.Bd3 h6 13.O-O Re8 14.e4 dxe4 15.Bxe4 Bf6
16.Nd2 e5 17.Nc4 Qd8 18.Be3 exd4 19.cxd4 Nf8 20.Rfd1 Re7 21.d5 cxd5 22.Bxd5 Qc7
23.Nd6 Be5 24.Bxb7 Bxd6 25.Bxa8 Bxh2+ 26.Kh1 Bg4 27.Rd4 Bh5 28.Rb7 Qe5 29.Rxe7  1-0

[Event "TCh-RUS w"]
[Site "Dagomys RUS"]
[Date "2008.04.03"]
[Round "2"]
[White "Molchanova,T"]
[Black "Dolgova,O"]
[Result "1-0"]
[WhiteElo "2359"]
[BlackElo "2249"]

1.d4 d5 2.c4 c6 3.Nf3 Nf6 4.Nc3 a6 5.c5 Nbd7 6.Bf4 Nh5 7.Bd2 g6 8.g3 Bg7
9.Bg2 O-O 10.O-O e5 11.dxe5 Nxe5 12.Nxe5 Bxe5 13.Bh6 Re8 14.Rc1 f5 15.Qb3 Kh8
16.Na4 Rb8 17.Qf3 Be6 18.Rfd1 Qf6 19.h4 Bf7 20.Rd2 Qe6 21.b3 Kg8 22.e3 Rbd8
23.Qd1 Bh8 24.Nc3 Nf6 25.Bg5 Rd7 26.Qf1 Ng4 27.Ne2 h6 28.Bf4 Qf6 29.Bd6 g5
30.hxg5 hxg5 31.Bh3 Ne5 32.Nd4 Bg6 33.Bxe5 Qxe5 34.Qd3 Rf8 35.f4 Qf6 36.Bf1 g4
37.Bg2 Re7 38.Kf2 Rfe8 39.Re1 Bg7 40.Rdd1 Rf7 41.b4 Qe7 42.Rc1 Qd7 43.a4 Rfe7
44.b5 axb5 45.axb5 Bxd4 46.Qxd4 Qe6 47.Ra1 Rf8 48.Rh1 Qf6 49.Qxf6 Rxf6 50.Ra8+ Re8
51.Rha1 Re6 52.Rxe8+ Bxe8 53.Ra7 Re7 54.Bxd5+ Kf8 55.Bxc6 Bxc6 56.bxc6 bxc6
57.Rxe7 Kxe7 58.e4 fxe4 59.Ke3  1-0

[Event "FSGM April"]
[Site "Budapest HUN"]
[Date "2008.04.05"]
[Round "1"]
[White "Duong The Anh"]
[Black "Nguyen Huynh Minh Huy"]
[Result "1/2-1/2"]
[WhiteElo "2403"]
[BlackElo "2482"]

1.d4 d5 2.c4 c6 3.Nf3 Nf6 4.Nc3 a6 5.c5 Nbd7 6.Bf4 Nh5 7.Bd2 g6 8.e4 dxe4
9.Nxe4 Bg7 10.Bc4 O-O  1/2-1/2

[Event "6th V.Nabokov Mem"]
[Site "Kyiv UKR"]
[Date "2008.04.05"]
[Round "2"]
[White "Kruppa,Y"]
[Black "Vysochin,S"]
[Result "1/2-1/2"]
[WhiteElo "2543"]
[BlackElo "2521"]

1.d4 d5 2.c4 c6 3.Nf3 Nf6 4.Nc3 a6 5.cxd5 cxd5 6.Bf4 Nc6 7.e3 Bg4 8.Be2 e6
9.h3 Bh5 10.O-O Be7 11.Ne5 Bxe2 12.Nxc6 Bxd1 13.Nxd8 Rxd8 14.Rfxd1 Rc8 15.Rac1 O-O
16.Ne2 b5 17.Rxc8 Rxc8 18.Rc1 Rc4 19.b3 Rxc1+ 20.Nxc1 Ne4 21.Ne2  1/2-1/2

[Event "TCh-RUS w"]
[Site "Dagomys RUS"]
[Date "2008.04.06"]
[Round "5"]
[White "Fominykh,M"]
[Black "Dolgova,O"]
[Result "1/2-1/2"]
[WhiteElo "2314"]
[BlackElo "2249"]

1.Nf3 d5 2.d4 c6 3.c4 Nf6 4.Nc3 a6 5.g3 b5 6.c5 Nbd7 7.Bg2 g6 8.e4 Nxe4 9.Nxe4 dxe4
10.Ng5 Nf6 11.Nxe4 Nd5 12.Qe2 Be6 13.Ng5 Bc8 14.h4 h5 15.Qf3 Bf5 16.Qb3 Bg7
17.O-O O-O 18.Be3 Qd7 19.Kh2 Rad8 20.a4 f6 21.Nh3 Be6 22.Qc2 Bf5 23.Qb3 Kh7
24.axb5 axb5 25.Nf4 Nxf4 26.Bxf4 Qxd4 27.Bxc6 Bd3 28.Be3 Qe5 29.Rfe1 Bc4
30.Qb4 Bd5 31.Bf4 Qf5 32.Bxd5 Rxd5 33.Rxe7 Rxc5 34.Raa7 Rg8 35.Qd4 Rd5 36.Qe3 Qd3
37.Qe6 Qf3 38.Qxg8+ Kxg8 39.Rxg7+ Kh8 40.Rh7+ Kg8 41.Rhg7+ Kf8 42.Rgf7+  1/2-1/2

[Event "FSGM April"]
[Site "Budapest HUN"]
[Date "2008.04.08"]
[Round "4"]
[White "Horvath,P1"]
[Black "Bui Vinh"]
[Result "1/2-1/2"]
[WhiteElo "2469"]
[BlackElo "2448"]

1.d4 d5 2.c4 c6 3.Nf3 Nf6 4.Nc3 a6 5.c5 Nbd7 6.Bf4 Nh5 7.g3 Nxf4 8.gxf4 b6
9.b4 e6 10.e3 Be7 11.Bd3 a5 12.b5 Bb7 13.bxc6 Bxc6 14.cxb6 O-O 15.O-O Nxb6
16.Ne5 Rc8 17.Qh5 f5 18.Ne2 Nc4 19.Kh1 Be8 20.Qh3 Rf6 21.Rg1 Kh8 22.Rac1 Bf8
23.Qg2 Nxe5 24.fxe5 Rg6 25.Qf3 Rxc1 26.Rxc1 Rh6 27.Nf4 Bf7 28.Bf1 g5 29.Nd3 Bg6
30.Nc5 Qe7 31.Bd3 Bh5 32.Qg3 Bg4 33.Bf1 Qf7 34.Bg2 Be2 35.f3 Rg6 36.Rb1 f4
37.Qe1 Bc4 38.Rb8 Rg8 39.exf4 gxf4 40.Bh3 Bxc5 41.Rxg8+  1/2-1/2

[Event "6th V.Nabokov Mem"]
[Site "Kyiv UKR"]
[Date "2008.04.08"]
[Round "6"]
[White "Baryshpolets,A"]
[Black "Vysochin,S"]
[Result "0-1"]
[WhiteElo "2409"]
[BlackElo "2521"]

1.d4 d5 2.c4 c6 3.Nf3 Nf6 4.Nc3 a6 5.a4 e6 6.g3 dxc4 7.Bg2 c5 8.dxc5 Qxd1+
9.Nxd1 Nc6 10.Ne3 c3 11.bxc3 Bxc5 12.O-O Ne4 13.Ne5 Nxe5 14.Bxe4 Ke7 15.Rb1 Rb8
16.Nc2 Rd8 17.Bf4 Bd6 18.Rfd1 Nc4 19.Rd4 Bxf4 20.gxf4 Nd2 21.Rbb4 Rxd4 22.Rxd4 Nxe4
23.Rxe4 Bd7 24.Rb4 a5 25.Rc4 Rc8 26.Na3 b6 27.Kf1 Rxc4 28.Nxc4 Bxa4 29.Nxb6 Bb3
30.Ke1 Kd6 31.Kd2 Kc7  0-1

[Event "Copenhagen Chess Challenge"]
[Site "Ballerup DEN"]
[Date "2008.04.18"]
[Round "5"]
[White "Tikkanen,H"]
[Black "Glud,J"]
[Result "1/2-1/2"]
[WhiteElo "2437"]
[BlackElo "2456"]

1.d4 d5 2.c4 c6 3.Nf3 Nf6 4.Nc3 a6 5.c5 Bf5 6.Bf4 e6 7.e3 Nbd7 8.Nd2 Be7
9.Be2 h6 10.b4 O-O 11.a4 Re8 12.O-O Bf8 13.b5 axb5 14.axb5 Rxa1 15.Qxa1 e5
16.Bg3 exd4 17.exd4 Nxc5 18.bxc6 bxc6 19.dxc5 d4 20.Bf3 dxc3 21.Qxc3 Qd3
22.Qxd3 Bxd3 23.Rd1 Re6 24.Bd6 Bxd6 25.cxd6 Rxd6 26.Nb3 Ne8  1/2-1/2

[Event "IX EICC"]
[Site "Plovdiv BUL"]
[Date "2008.04.22"]
[Round "2"]
[White "Moiseenko,A1"]
[Black "Bojkov,D"]
[Result "1/2-1/2"]
[WhiteElo "2650"]
[BlackElo "2492"]

1.d4 d5 2.c4 c6 3.Nf3 Nf6 4.Nc3 a6 5.Ne5 e6 6.e3 c5 7.cxd5 exd5 8.Be2 Bd6
9.O-O O-O 10.b3 cxd4 11.exd4 Nc6 12.Bf4 Re8 13.Nxc6 bxc6 14.Bxd6 Qxd6 15.Rc1 Ra7
16.Bf3 Rae7 17.Ne2 h5 18.h3 a5 19.Qd2 Ba6 20.Ng3 g6 21.Rfe1 Rxe1+ 22.Rxe1 Rxe1+
23.Qxe1 h4 24.Qxa5 hxg3 25.Qxa6 gxf2+ 26.Kxf2 Qf4 27.Qd3 Ne4+ 28.Ke2 Ng3+
29.Kd1 Nf5 30.Qd2 Qh2 31.Kc2 Qg1 32.Kc3 Qa1+ 33.Kb4 Nxd4 34.Kc5 Nf5 35.Kxc6 Qe5
36.Qb4 Ne7+ 37.Kb7 Qe6 38.Qc5 Qd7+ 39.Ka6 d4 40.Qb5 Qd6+ 41.Qb6 Qa3+ 42.Qa5 Qd6+
43.Qb6 Qa3+ 44.Qa5 Qd6+ 45.Qb6 Qa3+ 46.Kb7 Nf5 47.Bd5 Qe7+ 48.Ka6 Qa3+ 49.Kb5 Nd6+
50.Kc6 Nf5 51.Qb8+ Kg7 52.Qe5+ f6 53.Qc7+ Kh6 54.Qf4+ Kg7 55.Qc7+ Kh6 56.Bc4 Qa8+
57.Kb6 Qxg2 58.Qf4+ Kg7 59.a4 Qg1 60.Bd3 Qd1 61.Qc7+ Kh6 62.Qf4+ Kg7 63.Bc4 d3
64.Qc7+ Kh6 65.Qf4+ Kg7 66.Qc7+ Kh6 67.Qf4+  1/2-1/2

[Event "II Open"]
[Site "La Laguna ESP"]
[Date "2008.04.23"]
[Round "3"]
[White "Brito Garcia,A"]
[Black "Jaracz,P"]
[Result "0-1"]
[WhiteElo "2349"]
[BlackElo "2510"]

1.d4 Nf6 2.c4 c6 3.Nc3 d5 4.Nf3 a6 5.e3 b5 6.cxd5 cxd5 7.Ne5 e6 8.Bd3 Bb7
9.O-O Nbd7 10.Nxd7 Qxd7 11.Bd2 Bd6 12.Qe2 O-O 13.a3 e5 14.f3 Rfe8 15.Qf2 g6
16.Qh4 Nh5 17.g4 exd4 18.gxh5 dxc3 19.hxg6 fxg6 20.Bxc3 Be5 21.Bd4 Qg7 22.Rf2 Re7
23.Rc1 Rae8 24.Rd2 Bxd4 25.exd4 Re3 26.Qf2 Qe7 27.Rf1 Qg5+ 28.Kh1 Qf4 29.Qg3 Qf6
30.Qf2 Kg7 31.f4 Bc8 32.f5 Bxf5 33.Bxf5 Qxf5 34.Qxf5 gxf5 35.Rxf5 Re1+ 36.Kg2 R8e2+
37.Rf2 Rxd2 38.Rxd2 Re3 39.Rc2 Rb3 40.Kg1 a5 41.Rc5 a4 42.Rc2 Kg6 43.Rf2 Rd3
44.Kf1 Rxd4 45.Ke2 b4 46.axb4 Rxb4 47.Kd3 h5 48.Kc3 Rc4+ 49.Kd3 Rh4 50.Kc3 Kg5
51.Rd2 Rc4+ 52.Kd3 Kg4 53.Rg2+ Kh3 54.Rg5 h4 55.Rxd5 Rg4 56.Ke3 Kxh2 57.Rd2+ Kg3
58.Rd1 h3 59.Rg1+ Kh4 60.Rh1 Rb4 61.Ra1 h2 62.Kf3 Kh3  0-1

[Event "IX EICC"]
[Site "Plovdiv BUL"]
[Date "2008.04.23"]
[Round "3"]
[White "Fressinet,L"]
[Black "Svetushkin,D"]
[Result "1-0"]
[WhiteElo "2656"]
[BlackElo "2568"]

1.d4 d5 2.Nf3 Nf6 3.c4 c6 4.Nc3 a6 5.c5 Bf5 6.Bf4 Nbd7 7.e3 g6 8.h3 Bg7 9.g4 Be4
10.Bg2 O-O 11.O-O Bxf3 12.Bxf3 Ne8 13.e4 dxe4 14.Bxe4 Nc7 15.Bg2 e5 16.dxe5 Ne6
17.Be3 Nxe5 18.Qb3 Qc7 19.Rad1 Rad8 20.Ne4 Rxd1 21.Rxd1 Nd7 22.f4 Nf6 23.Nd6 Rd8
24.f5 gxf5 25.gxf5 Nf8 26.Bf3 Qe7 27.Bf2 N6d7 28.Kh1 Ne5 29.Rg1 Nfd7 30.Bd1 b5
31.Qg3 f6 32.Bb3+ Nc4 33.Nxc4 bxc4 34.Bxc4+ Kh8 35.Qc7 Re8 36.Be6 Ne5 37.Qxe7 Rxe7
38.Rg3 Re8 39.Ra3 Rd8 40.Be3 Bf8 41.Rxa6 Rd3 42.Bf4 Rf3 43.Bxe5 fxe5 44.Rxc6 Rf2
45.Rc8 Kg7 46.c6 e4 47.Rxf8  1-0

[Event "IX EICC"]
[Site "Plovdiv BUL"]
[Date "2008.04.23"]
[Round "3"]
[White "Haroutjunian,D"]
[Black "Sanduleac,V"]
[Result "1/2-1/2"]
[WhiteElo "2293"]
[BlackElo "2461"]

1.Nf3 d5 2.d4 c6 3.c4 Nf6 4.Nc3 a6 5.c5 Nbd7 6.Bf4 Nh5 7.e3 g6 8.Bd3 Bg7
9.Qc2 Nxf4 10.exf4 b6 11.b4 a5 12.b5 Bb7 13.Na4 O-O 14.Ne5 Bxe5 15.fxe5 bxc5
16.bxc6 Bxc6 17.Nxc5 Rc8 18.O-O Ba8 19.Ba6 Rc7 20.Rfd1 Nxc5 21.dxc5 Qb8 22.Rac1 Rc6
23.Qe2 Qa7 24.Bb5 Rxc5 25.e6 fxe6 26.Qxe6+ Kg7 27.Qe5+ Rf6 28.Qe2 d4 29.Rxc5 Qxc5
30.Re1 e6 31.Bd3 a4 32.Qd2 e5 33.Rc1 Qe7 34.Qa5 Rc6 35.Re1 Qb7 36.Qxa4 Rc7
37.f3 Qd5  1/2-1/2

[Event "IX EICC"]
[Site "Plovdiv BUL"]
[Date "2008.04.24"]
[Round "4"]
[White "Dziuba,M"]
[Black "Lubczynski,R"]
[Result "1-0"]
[WhiteElo "2577"]
[BlackElo "2418"]

1.d4 Nf6 2.c4 c6 3.Nc3 d5 4.Nf3 a6 5.a4 a5 6.cxd5 cxd5 7.Bf4 e6 8.e3 Bb4
9.Bd3 O-O 10.O-O Bd7 11.Ne5 Nc6 12.Bg5 Be7 13.f4 h6 14.Bh4 Nb4 15.Bb1 g6
16.g4 Be8 17.f5 Kg7 18.Qf3 Nh7 19.Bg3 Rc8 20.Qg2 Bf6 21.Kh1 Bh4 22.fxe6 fxe6
23.Bd3 Bg5 24.Rxf8 Nxf8 25.Rf1 Nd7 26.Qf2 Qe7 27.Bb1 Bf6 28.Nxd7 Bxd7 29.Bd6 Qf7
30.Qg2 Qg8 31.Qg3 Nc6 32.h4 Be8 33.g5 hxg5 34.hxg5 Be7 35.Be5+ Nxe5 36.Qxe5+ Kh7
37.Qh2+  1-0

[Event "IX EICC"]
[Site "Plovdiv BUL"]
[Date "2008.04.24"]
[Round "4"]
[White "Balog,I1"]
[Black "Vegh,E"]
[Result "1-0"]
[WhiteElo "2415"]
[BlackElo "2278"]

1.d4 d5 2.Nf3 Nf6 3.c4 c6 4.Nc3 a6 5.c5 g6 6.Bf4 Bg7 7.h3 O-O 8.e3 Nfd7 9.Be2 e5
10.dxe5 Nxc5 11.O-O Nbd7 12.b4 Ne6 13.Bh2 Qc7 14.Rc1 Qb8 15.e4 dxe4 16.Nxe4 Nxe5
17.Kh1 f6 18.Qb3 Kh8 19.Bc4 Nd8 20.Qc3 Qc7 21.Rcd1 Ndf7 22.Rfe1 Bf5 23.Bxf7 Bxe4
24.Nxe5 fxe5 25.Bb3 Bf5 26.g4 Bc8 27.Rxe5 Qb6 28.Qe1 c5 29.Re7 Qxb4 30.Qe5  1-0

[Event "Victory Day A"]
[Site "Moscow RUS"]
[Date "2008.04.25"]
[Round "2"]
[White "Krylov,M RUS"]
[Black "Mongontuul,B"]
[Result "0-1"]
[WhiteElo "2409"]
[BlackElo "2402"]

1.d4 d5 2.c4 c6 3.Nf3 Nf6 4.Nc3 a6 5.c5 Bf5 6.Bf4 Nbd7 7.h3 h6 8.e3 e6 9.Nd2 Be7
10.Be2 O-O 11.O-O Re8 12.b4 Qc8 13.Nb3 Bd8 14.a4 e5 15.Bh2 exd4 16.Nxd4 Bg6
17.Bd3 Bxd3 18.Qxd3 Bc7 19.Bxc7 Qxc7 20.Nb3 Ne4 21.Rfe1 Rad8 22.Rad1 Ne5
23.Qc2 f5 24.Ne2 Nc4 25.Nf4 Qf7 26.Nd4 g6 27.Nd3 Re7 28.Nb2 Ne5 29.f3 Ng3
30.b5 axb5 31.axb5 f4 32.exf4 Qxf4 33.bxc6 bxc6 34.Nxc6 Nxc6 35.Qxg6+ Kh8
36.Nd3 Qg5 37.Qxc6 Ne2+ 38.Kh1 Rg8 39.g4 Qh4 40.Nf2 Rge8 41.Rxe2 Rxe2 42.Rxd5 Rb8
43.Qd6 Rb1+ 44.Rd1 Rxd1+ 45.Qxd1 Qxf2 46.Qd8+ Kg7 47.Qc7+ Kg6 48.Qd6+ Kg5
49.Qd8+ Kf4 50.Qd6+ Kxf3 51.Qd3+ Re3 52.Qd5+ Kg3  0-1

[Event "IX EICC"]
[Site "Plovdiv BUL"]
[Date "2008.04.25"]
[Round "5"]
[White "Potkin,V"]
[Black "Sanduleac,V"]
[Result "1-0"]
[WhiteElo "2617"]
[BlackElo "2461"]

1.d4 d5 2.c4 c6 3.Nc3 Nf6 4.Nf3 a6 5.c5 Nbd7 6.Bf4 Nh5 7.Bd2 Nhf6 8.Qc2 g6
9.g3 Bg7 10.Bg2 O-O 11.O-O Re8 12.Rad1 Nf8 13.h3 Bf5 14.Qb3 Qc8 15.Kh2 Ne4
16.Bf4 Ne6 17.Be3 Qc7 18.Na4 Rad8 19.Kg1 g5 20.h4 h6 21.hxg5 hxg5 22.Nc3 Bf6
23.Nxe4 Bxe4 24.Bh3 Bxf3 25.exf3 Ng7 26.Kg2 e6 27.Qc2 e5 28.dxe5 Qxe5 29.Bd4 Qxd4
30.Rxd4 Bxd4 31.Rh1 Bf6 32.Bg4 Ne6 33.Rh6 Bg7 34.Rh5 d4 35.Bf5 Rd5 36.b4 d3
37.Bxd3 Red8 38.Bc4  1-0

[Event "IX EICC"]
[Site "Plovdiv BUL"]
[Date "2008.04.26"]
[Round "6"]
[White "Fridman,D2"]
[Black "Mateuta,G"]
[Result "1-0"]
[WhiteElo "2640"]
[BlackElo "2504"]

1.d4 d5 2.c4 c6 3.Nf3 Nf6 4.Nc3 a6 5.c5 Nbd7 6.Bf4 Nh5 7.Bg5 g6 8.e4 dxe4
9.Nxe4 Ndf6 10.Nc3 Be6 11.Bd3 Qc7 12.O-O Nf4 13.Bc2 h6 14.Bxf4 Qxf4 15.Ne5 Ng4
16.g3 Qg5 17.Nf3 Qh5 18.Re1 O-O-O 19.Rxe6 fxe6 20.Qe2 e5 21.Nh4 Nf6 22.Qxe5 Qxe5
23.dxe5 Nd7 24.Nxg6 Rg8 25.b4 Rxg6 26.Bxg6 Nxe5 27.Bf5+ Kc7 28.Kg2 Nd3 29.Rb1 a5
30.a3 axb4 31.axb4 Bg7 32.Ne2 Be5 33.Kf3 Nxf2 34.Nf4 Bxf4 35.gxf4 Rf8 36.Be6 Nd3
37.f5 Rd8 38.Ke3 h5 39.h3 h4 40.Rb3 Ne5 41.Ke4 Nd7 42.Bxd7 Rxd7 43.Rd3 Rxd3
44.Kxd3 Kd7 45.Ke4 Ke8 46.Kf4  1-0

[Event "IX EICC"]
[Site "Plovdiv BUL"]
[Date "2008.04.27"]
[Round "7"]
[White "Delchev,A"]
[Black "Sanduleac,V"]
[Result "1-0"]
[WhiteElo "2639"]
[BlackElo "2461"]

1.d4 d5 2.Nf3 c6 3.c4 Nf6 4.Nc3 a6 5.g3 dxc4 6.a4 a5 7.Bg2 Na6 8.O-O g6 9.e3 Bg7
10.Ne5 Be6 11.Qe2 Qb6 12.Rd1 O-O 13.e4 Nb4 14.d5 cxd5 15.exd5 Bd7 16.Nxc4 Qa6
17.Bf1 Rac8 18.Bf4 Bf5 19.d6 exd6 20.Nxd6 Qxe2 21.Bxe2 Rc6 22.Bb5 Rb6 23.Be3 Rxd6
24.Rxd6 Nc2 25.Rad1 Nxe3 26.fxe3 Ne4 27.Nxe4 Bxe4 28.R1d2 Be5 29.Rd8 Bf6
30.Rxf8+ Kxf8 31.Rd7 Be7 32.b3 h5 33.Rc7 g5 34.Rc8+ Kg7 35.Re8 Kf6 36.Bc4 Bc6
37.Ra8 Bb4 38.Rh8 Kg7 39.Rxh5 Be7 40.Bd3 Bf3 41.Rh7+ Kg8 42.h4 gxh4 43.Rxh4 Bxh4
44.gxh4 Kg7 45.Kf2 Bd1 46.Bc4 Kf6 47.Kg3 Ke7 48.Kf4 f6 49.Kf5 Bh5 50.e4 b6
51.e5 fxe5 52.Kxe5 Bg6 53.Bd5 Be8 54.Be6 Bh5 55.Kf5 Be8 56.Bc4 Kf8 57.Ke6  1-0

[Event "IX EICC"]
[Site "Plovdiv BUL"]
[Date "2008.04.27"]
[Round "7"]
[White "Haroutjunian,D"]
[Black "Gengler,P"]
[Result "1-0"]
[WhiteElo "2293"]
[BlackElo "2200"]

1.d4 d5 2.c4 c6 3.Nf3 Nf6 4.Nc3 a6 5.c5 g6 6.Bf4 Nh5 7.Bg5 h6 8.Bh4 g5 9.Bg3 Nxg3
10.hxg3 Bg7 11.e3 Nd7 12.Bd3 b6 13.cxb6 Qxb6 14.Qc2 e5 15.Nxe5 Nxe5 16.dxe5 Bxe5
17.O-O O-O 18.Na4 Qc7 19.Rac1 a5 20.b3 Ba6 21.Bxa6 Rxa6 22.Qd3 Raa8 23.Rc2 Rfd8
24.Rfc1 Rd6 25.Rc5 Re8 26.Nc3 Red8 27.Nb5 Qb6 28.Nxd6 Rxd6 29.Qc2 a4 30.bxa4 Qb4
31.Rxc6 d4 32.Rxd6 Bxd6 33.exd4 Qxd4 34.Rd1 Qe5 35.a5 Bc5 36.a6 Ba7 37.Qd3 Bc5
38.Qf3 Qc7 39.Qf6 Bb6  1-0

[Event "IX EICC"]
[Site "Plovdiv BUL"]
[Date "2008.04.27"]
[Round "7"]
[White "Morchiashvili,B"]
[Black "Svetushkin,D"]
[Result "1-0"]
[WhiteElo "2421"]
[BlackElo "2568"]

1.d4 d5 2.c4 c6 3.Nf3 Nf6 4.Nc3 a6 5.e3 Bf5 6.cxd5 cxd5 7.Ne5 e6 8.g4 Be4
9.f3 Bg6 10.h4 h5 11.g5 Ng8 12.Qa4+ Nd7 13.Nxd7 b5 14.Nxb5 axb5 15.Bxb5 Rxa4
16.Ne5+ Ke7 17.Nc6+ Kd6 18.Nxd8 Ra8 19.a4 Ne7 20.Nb7+ Kc7 21.Nc5 Kb6 22.b3 Nc6
23.Nd7+ Kc7 24.Nxf8 Rhxf8 25.Ba3  1-0

[Event "IX EICC"]
[Site "Plovdiv BUL"]
[Date "2008.04.30"]
[Round "9"]
[White "Loeffler,S"]
[Black "Svetushkin,D"]
[Result "0-1"]
[WhiteElo "2409"]
[BlackElo "2568"]

1.d4 d5 2.c4 c6 3.Nf3 Nf6 4.Nc3 a6 5.c5 Bf5 6.Bf4 Nbd7 7.e3 g6 8.Be2 Bg7
9.Nd2 O-O 10.g4 Be6 11.Rg1 Ne8 12.Bg3 f5 13.Nf3 Kh8 14.Ng5 Bg8 15.gxf5 gxf5
16.Bh4 b6 17.cxb6 Qxb6 18.Qd2 c5 19.dxc5 Qxc5 20.Rd1 e6 21.f4 Rb8 22.Kf1 Ndf6
23.Bxa6 Ng4 24.Rg3 e5 25.Re1 d4 26.exd4 exd4 27.Nce4 Qc6 28.Bd3 Ne3+ 29.Kg1 fxe4
30.Bxe4 Qh6 31.Nf3 Qxf4 32.Be7 Rf7 33.Bc5 Qxe4 34.Ng5 Qe5 35.Nxf7+ Bxf7 36.b4 Nc7
37.Rg4 Ne6 38.Bxd4 Nxd4 39.Rxe3 Qf6  0-1

[Event "XXI Open"]
[Site "Benidorm ESP"]
[Date "2008.05.02"]
[Round "8"]
[White "Pogorelov,R"]
[Black "Abergel,T"]
[Result "0-1"]
[WhiteElo "2423"]
[BlackElo "2520"]

1.Nf3 d5 2.d4 c6 3.c4 Nf6 4.Nc3 a6 5.c5 Bf5 6.Bf4 Nbd7 7.e3 g6 8.Be2 Be4
9.O-O Bxf3 10.Bxf3 Bg7 11.Qb3 Qc8 12.Rad1 O-O 13.Rfe1 Re8 14.e4 dxe4 15.Bxe4 e5
16.Bxe5 Nxe5 17.dxe5 Rxe5 18.Bf3 Rxe1+ 19.Rxe1 Qc7 20.Ne4 Nxe4 21.Rxe4 Rd8
22.g3 Bd4 23.Qa3 a5 24.b4 axb4 25.Qxb4 Bf6 26.Kg2 Kg7 27.h4 h5 28.Be2 Qb8
29.Bc4 Rd7 30.Bb3 Qc7 31.Rf4 Qe5 32.Re4 Qb2 33.Qc4 Rd5 34.Qb4 Rd2 35.Rf4 Bd4
36.Rxf7+ Kh6 37.Qc4 Rxf2+ 38.Rxf2 Qxf2+ 39.Kh3 Qe1 40.Qc2 Bxc5 41.Qg2 Qe3
42.Bd1 Bd6 43.Bf3 Qe6+ 44.Kh2 Qe1 45.Kh3 Kh7 46.Kh2 Kg7 47.Kh3 Be5 48.Kh2 Kf6
49.Kh3 Kg7 50.Kh2 Qa1 51.Qe2 Qd4 52.Kg2 Qd6 53.Qf2 b5 54.g4 hxg4 55.Bxg4 Qd5+
56.Bf3 Qc4 57.h5 g5 58.Qe2 Qe6 59.Bg4 Qf6 60.Qe4 Kh6 61.Bf3 c5 62.Qd5 Bd4
63.Kh3 c4 64.Qe4 c3 65.Kg2 b4 66.Qc2 Qe6 67.Kf1 g4 68.Bd1 Qf6+ 69.Kg2 Kg5
70.Qe2 Qf5 71.Bc2 Qd5+ 72.Be4 Qe6 73.Qb5+ Qe5 74.Qc6 Kh4  0-1

[Event "IX EICC"]
[Site "Plovdiv BUL"]
[Date "2008.05.02"]
[Round "11"]
[White "Logothetis,S"]
[Black "Balog,I1"]
[Result "1/2-1/2"]
[WhiteElo "2291"]
[BlackElo "2415"]

1.Nf3 Nf6 2.c4 c6 3.Nc3 d5 4.d4 a6 5.a4 g6 6.Bg5 Ne4 7.Bh4 Nxc3 8.bxc3 dxc4
9.e3 Be6 10.a5 Bg7 11.Nd2 O-O 12.Nxc4 Nd7 13.Be2 Bd5 14.O-O c5 15.Qa4 Rc8
16.Rfc1 Rc7 17.Qa3 Bxc4 18.Bxc4 Bf6 19.Bxf6 Nxf6 20.Be2 Qd7 21.Bf3 Rfc8 22.h3 Ne8
23.d5 Rd8 24.c4 Nd6 25.Qc3 Qe8 26.g3 Qf8 27.Kg2 Qg7 28.Qxg7+ Kxg7 29.Be2 Rb8
30.Rab1 Kf8 31.f4 Ke8 32.Bd3 f5 33.Kf3 b5 34.axb6 Rcb7 35.Rc3 Rxb6 36.Rxb6 Rxb6
37.Ra3 Kf7 38.g4 Kf6 39.g5+ Kf7 40.h4 Nb7 41.h5 a5 42.hxg6+ hxg6 43.e4 fxe4+
44.Kxe4 Rb4 45.f5 a4 46.fxg6+ Kxg6 47.Ke5+ Kxg5 48.Ke6 Rb3 49.Rxb3 axb3 50.Kxe7 Kf4
51.d6 Ke3 52.Bb1 Nxd6 53.Kxd6 Kd4 54.Bg6 b2 55.Bb1 Kxc4 56.Ke5 Kc3 57.Ke4 Kd2  1/2-1/2

[Event "XXI Open"]
[Site "Benidorm ESP"]
[Date "2008.05.03"]
[Round "9"]
[White "Avrukh,B"]
[Black "Burmakin,V"]
[Result "1-0"]
[WhiteElo "2632"]
[BlackElo "2615"]

1.d4 d5 2.c4 c6 3.Nf3 Nf6 4.Nc3 a6 5.c5 Nbd7 6.Bf4 Nh5 7.e3 g6 8.h4 Bg7 9.Bh2 Nhf6
10.Be2 Ng4 11.Bg3 h5 12.e4 dxe4 13.Nxe4 O-O 14.O-O Ndf6 15.Neg5 Nd5 16.Qb3 Nh6
17.Bd3 Bf5 18.Bc4 b5 19.cxb6 Nxb6 20.Rfe1 e6 21.Bf1 Nd5 22.Rac1 Ne7 23.Be5 Qd7
24.Bxg7 Kxg7 25.Ne5 Qd6 26.Qc3 Kg8 27.Ngf3 Rfc8 28.Qc5 Qd8 29.Re3 Rcb8 30.Qa3 Bg4
31.Ng5 Rb7 32.Nxc6 Nxc6 33.Rxc6 Nf5 34.Rec3 Nxd4 35.Rd6 Rd7 36.Rxd7 Qxd7
37.Qc5 Bf5 38.Qc7 Qe8 39.Qb7 e5 40.Bc4 Kg7 41.Bxf7 Qb8 42.Rc7 Nb5 43.Qxb8 Rxb8
44.Rc5 Rb7 45.Bc4 Nd6 46.Bb3 Nb5 47.Rxe5 Nd4 48.Re3 a5 49.Nf3 Nxf3+ 50.Rxf3 Rb4
51.Rc3 Re4 52.Rc7+ Kf6 53.Ra7 Rxh4 54.Rxa5 Rd4 55.Rb5 h4 56.Rd5 Rb4 57.f3 g5
58.Rd2 g4 59.fxg4 Bxg4 60.Kf2 Bf5 61.Bd5 Ke5 62.Bf3 Rc4 63.Ke3 Be6 64.a3 Rc1
65.Rd4 Re1+ 66.Kd2 Rh1 67.Re4+ Kd6 68.Re3 Rb1 69.Kc3 Bf5 70.Re2 Rc1+ 71.Kb4 Rf1
72.Re3 Rb1 73.b3 Rc1 74.a4 Rc8 75.Rc3 Rb8+ 76.Ka5 Rg8 77.b4 Rg3 78.Rc6+ Kd7
79.Bd5 Rd3 80.Rc5 Bg4 81.Bb7 Rd4 82.Rd5+ Rxd5+ 83.Bxd5 Kc7 84.b5 h3 85.gxh3 Bxh3
86.b6+ Kb8 87.Kb4 Bf1 88.a5 Ba6 89.Bc4 Bb7 90.a6 Bf3 91.Kc5  1-0

[Event "Father Ivan Cvitanovic Mem"]
[Site "Split CRO"]
[Date "2008.05.04"]
[Round "7"]
[White "Bilobrk,F"]
[Black "Drazic,S"]
[Result "0-1"]
[WhiteElo "2370"]
[BlackElo "2497"]

1.d4 Nf6 2.c4 c6 3.Nc3 d5 4.Nf3 a6 5.g3 g6 6.Bg2 Bg7 7.O-O O-O 8.Ne5 dxc4
9.Nxc4 Be6 10.Ne5 Nbd7 11.Nd3 Nd5 12.e4 Nxc3 13.bxc3 Bc4 14.Re1 a5 15.Ba3 Re8
16.Rb1 Ra7 17.Rb2 b5 18.Nc5 b4 19.cxb4 Nxc5 20.bxc5 Bxd4 21.Rd2 Rd7 22.Qc2 Be6
23.h3 Qc7 24.Red1 Red8 25.Kh2 h5 26.Kh1 h4 27.Rd3 hxg3 28.fxg3 Be5 29.Rxd7 Rxd7
30.Rxd7 Qxd7 31.Kh2 Qd4 32.Bc1 Qa1 33.a4 Bb3 34.Qxb3 Qxc1 35.h4 Qxc5 36.Kh3 Qd4
37.Bf3 Kg7 38.Qc2 c5 39.Be2 Qf2 40.Qd3 c4 41.Qf3 Qc5 42.Bd1 c3 43.Bc2 Qg1
44.Bb3 e6 45.Bc2 Qc1 46.Qe2 Qh1+ 47.Qh2 Qf3 48.Qg2 Qe3 49.Qh2 Kf8 50.Qg2 Ke7
51.Kh2 Kd6 52.Qg1 Qxg1+ 53.Kxg1 Bxg3 54.Kg2 Bxh4 55.Kf3 Kc5 56.Ke3 Kc4  0-1

[Event "FSGM May"]
[Site "Budapest HUN"]
[Date "2008.05.07"]
[Round "5"]
[White "Prohaszka,P2"]
[Black "Duong The Anh"]
[Result "1/2-1/2"]
[WhiteElo "2506"]
[BlackElo "2403"]

1.d4 d5 2.c4 c6 3.Nc3 Nf6 4.Nf3 a6 5.c5 Nbd7 6.Bf4 Nh5 7.Bd2 Nhf6 8.Bf4 Nh5
9.g3 Nxf4 10.gxf4 b6 11.b4 a5 12.b5 Bb7 13.bxc6 Bxc6 14.cxb6 e6 15.e3 Bb4
16.Qb3 Rb8 17.a3 Be7 18.Qc2  1/2-1/2